Văn học Việt Nam dòng riêng giữa nguồn chung /
Văn học Việt Nam dòng riêng giữa nguồn chung là tài liệu dành cho những lĩnh vực tri thức khác, ngoài văn học: có thể đó là triết học, là sử, là văn hoá học, là chính trị học...
Spremljeno u:
| Glavni autor: | |
|---|---|
| Format: | Knjiga |
| Jezik: | Vietnamese |
| Izdano: |
Hà Nội :
Đại học Quốc gia Hà Nội,
1999.
|
| Teme: | |
| Oznake: |
Dodaj oznaku
Bez oznaka, Budi prvi tko označuje ovaj zapis!
|
| Thư viện lưu trữ: | Mạng thư viện Đại học Đà Nẵng |
|---|
| LEADER | 01086cam a2200325 i 4500 | ||
|---|---|---|---|
| 001 | 000042936 | ||
| 003 | 811 | ||
| 005 | 20030918142821.0 | ||
| 008 | 010217b1999 vm 000 vie | ||
| 020 | |c 32800 | ||
| 040 | |a IRC |c IRC |d IRC | ||
| 041 | 0 | |a vie | |
| 082 | 1 | 4 | |a 895.924 |b TR-V |
| 100 | 1 | |a Trần Ngọc Vương. | |
| 245 | 0 | 0 | |a Văn học Việt Nam dòng riêng giữa nguồn chung / |c Trần Ngọc Vương. |
| 260 | |a Hà Nội : |b Đại học Quốc gia Hà Nội, |c 1999. | ||
| 300 | |a 436tr. ; |c 20cm. | ||
| 520 | 3 | |a Văn học Việt Nam dòng riêng giữa nguồn chung là tài liệu dành cho những lĩnh vực tri thức khác, ngoài văn học: có thể đó là triết học, là sử, là văn hoá học, là chính trị học... | |
| 630 | 0 | 4 | |a Văn học Việt. |
| 650 | 0 | 4 | |a Văn học Việt |y Thế kỷ 18. |
| OWN | |a DUT | ||
| 999 | |a From the UDN01 | ||
| TYP | |a Monograph | ||
| TYP | |a Printed language | ||
| 980 | |a Mạng thư viện Đại học Đà Nẵng | ||